UBT Library

Rift in the Democracy. (Record no. 44032)

000 -LEADER
fixed length control field 00554cam a22002291 4500
001 - CONTROL NUMBER
control field 7432328
005 - DATE AND TIME OF LATEST TRANSACTION
control field 20180302071126.0
008 - FIXED-LENGTH DATA ELEMENTS--GENERAL INFORMATION
fixed length control field 750703s1951 pau 000 0 eng
010 ## - LIBRARY OF CONGRESS CONTROL NUMBER
LC control number 51008109
015 ## - NATIONAL BIBLIOGRAPHY NUMBER
National bibliography number GB52-2309
035 ## - SYSTEM CONTROL NUMBER
System control number (OCoLC)1428139
040 ## - CATALOGING SOURCE
Original cataloging agency DLC
Transcribing agency NmU
Modifying agency OCoLC
-- Uk
-- DLC
041 ## - LANGUAGE CODE
Language code of text/sound track or separate title eng
080 ## - UNIVERSAL DECIMAL CLASSIFICATION NUMBER
Universal Decimal Classification number 329.3
082 ## - DEWEY DECIMAL CLASSIFICATION NUMBER
Classification number 329.3 PAU
100 1# - Rafti
Rafti 19
101 ## - Shkurtesa
Shkurtesa SHP
245 10 - TITLE STATEMENT
Title Rift in the Democracy.
504 ## - BIBLIOGRAPHY, ETC. NOTE
Bibliography, etc Bibliography : p. 185-195.
906 ## - LOCAL DATA ELEMENT F, LDF (RLIN)
a 7
b cbc
c oclcrpl
d u
e ncip
f 19
g y-gencatlg
942 ## - ADDED ENTRY ELEMENTS (KOHA)
Source of classification or shelving scheme
Item type Books
Holdings
Withdrawn status Lost status Source of classification or shelving scheme Damaged status Not for loan Collection code Permanent location Current location Shelving location Date acquired Total Checkouts Full call number Barcode Date last seen Price effective from Koha item type
          Koleksioni i përgjithshem UBT - Lipjan UBT - Lipjan Koleksioni i përgjithshem 03/02/2018   329.3 PAU 002-3000811 03/02/2018 03/02/2018 Books
UBT Library © 2015-2024. All rights reserved University Education for Business and Technology